书目信息 |
| 题名: |
环境与自然资源管理的政策工具
|
|
| 作者: | 思德纳 , Sterner 著 ;张蔚文 , 黄祖辉 译 | |
| 分册: | ||
| 出版信息: | 上海 上海人民出版社 2005 |
|
| 页数: | 763页 | |
| 开本: | 20cm | |
| 丛书名: | 当代经济学系列丛书 | |
| 单 册: | ||
| 中图分类: | X-01 | |
| 科图分类: | ||
| 主题词: | 环境政策--研究 , 自然资源--资源管理--政策--研究 , 环境政策 , 自然资源 , 资源管理 | |
| 电子资源: | ||
| ISBN: | 7-208-05928-4 | |
| 000 | 01386oam2 2200361 450 | |
| 001 | 012007218527 | |
| 005 | 20070516180038.39 | |
| 010 | @a7-208-05928-4@dCNY40.00 | |
| 100 | @a20070508d2005 km y0chiy0120 ea | |
| 101 | 1 | @achi@ceng |
| 102 | @aCN@b310000 | |
| 105 | @ay z 000yy | |
| 106 | @ar | |
| 200 | 1 | @a环境与自然资源管理的政策工具@Ahuan jing yu zi ran zi yuan guan li de zheng ce gong ju@f托马斯·思德纳著@Ftuo ma si·si de na zhu@g张蔚文,黄祖辉译@Gzhang wei wen,huang zu hui yi |
| 210 | @a上海@c上海人民出版社@d2005 | |
| 215 | @a763页@d20cm | |
| 225 | 2 | @a当代经济学系列丛书@i当代经济学译库 |
| 305 | @a据原书2002年英文版译出 | |
| 330 | @a本书阐述了对环境和自然资源问题进行经济分析的动机,政策工具描述,专题讨论。介绍和分析了一系列可用的政策,并对这些政策在不同经济类型中的实际和潜在应用(环境污染、自然资源、运输等)展开了广泛的讨论。 | |
| 462 | 1 | @12001 @a当代经济学译库 |
| 510 | 1 | @aPolicy instruments for environmental and natural resource management@zeng |
| 606 | 0 | @a环境政策@x研究 |
| 606 | 0 | @a自然资源@x资源管理@x政策@x研究 |
| 606 | 0 | @a环境政策 |
| 606 | 0 | @a自然资源 |
| 606 | 0 | @a资源管理 |
| 690 | @aX-01@v4 | |
| 701 | 1 | @c(瑞典)@a思德纳@Asi de na@b托马斯@4著 |
| 701 | 1 | @c(瑞典)@aSterner@bT.@4著 |
| 702 | 0 | @a张蔚文@Azhang wei wen@4译 |
| 702 | 0 | @a黄祖辉@Ahuang zu hui@4译 |
| 801 | 0 | @aCN@bRULIN@c20070516 |
| 905 | @dX-01@e98@s5 | |
| 环境与自然资源管理的政策工具/托马斯·思德纳著/张蔚文,黄祖辉译.-上海:上海人民出版社,2005 |
| 763页;20cm.-(当代经济学系列丛书.当代经济学译库) |
| ISBN 7-208-05928-4:CNY40.00 |
| 本书阐述了对环境和自然资源问题进行经济分析的动机,政策工具描述,专题讨论。介绍和分析了一系列可用的政策,并对这些政策在不同经济类型中的实际和潜在应用(环境污染、自然资源、运输等)展开了广泛的讨论。 |
| ● |
| 相关链接 |
|
|
|
|
正题名:环境与自然资源管理的政策工具
索取号:X-01/98
 
预约/预借
| 序号 | 登录号 | 条形码 | 馆藏地/架位号 | 状态 | 备注 |
| 1 | 0572130 | 205721307 | 第二样本阅览室/ [索取号:X-01/98] | 在馆 | |
| 2 | 0572131 | 205721316 | 第三借阅区/ [索取号:X-01/98] | 在馆 | |
| 3 | 0572132 | 205721325 | 第三借阅区/ [索取号:X-01/98] | 在馆 | |
| 4 | 0572133 | 205721334 | 第三借阅区/ [索取号:X-01/98] | 在馆 | |
| 5 | 0572134 | 205721342 | 第三借阅区/ [索取号:X-01/98] | 在馆 | |
| 6 | 572134 | 205721343 | 第三借阅区/ [索取号:X-01/98] | 在馆 |